000 00828nas a2200265 4500
001 BR2016000688
003 BR-BrBNA
005 20231205130151.0
007 ta
008 230509b bl.|||p| |||| 00| 00por d
040 _aBR-BrBNA
_bpor
_cBiblioteca Nacional de Agricultura
041 _a(En)
072 _aL40
100 1 _aGuimarães, J.P.
100 1 _aMari, R. de B.
100 1 _aBas, A.L.
100 1 _aMiglino, M.A.
245 1 _aUltrastructural aspects of the tongue in Magellanic Penguins Spheniscus magellanicus (Forster, 1781)
650 _aPINGUIM
650 _aMORFOLOGIA ANIMAL
650 _aLINGUA
773 0 _tActa Scientiarum. Biological Sciences (Brazil)
_xISSN 1679-9283
_g(Oct-Dec 2014), v. 36(4) p. 491-497
_wBR2016000688
909 _a202311
_bLúcia
_c55
_dLúcia Elande
942 _2AGRIS
_n0
_cANA
999 _c248106
_d248106